000
00249nam a22001217a 4500
008
170919b xxu||||| |||| 00| 0 eng d
041
_a
eng
080
_a
7
100
_a
54
101
_a
ART
245
_a
ANCIENT EGYPT
_c
KER,.V
942
_2
udc
_c
BK
999
_c
28269
_d
28269